000 00483nam a22001577a 4500
005 20240305165647.0
008 240305b |||||||| |||| 00| 0 eng d
020 _a97811183144425
245 _aProfessional C# 2012 and .NET 4.5 /
_cBill Evjen, Jay Glynn, Karli Watson, Morgan Skinner
260 _aUSA:
_bJohn Wiley
_c2013.
300 _axlvvii,1522 p .:
_bill,
_c23 cm.
500 _aInclude index.
650 _acomputer science/programming
700 _aBill Evjen
999 _c35233
_d35233